000 00498nam a2200169Ia 4500
008 151213s9999 xx 000 0 und d
020 _a521-43552-8
100 _aAdrian Dott /Christopher Jones
245 _aIntermediate Classroom Book Language in Use
_cAdrian Dott /Christopher Jones
250 _a1st
260 _aU.K.
_bCambridge Universitty Press
_cII
300 _a4855 p.
650 _aEnglish
650 _aEnglish Language
700 _aAdrian Dott /Christopher Jones
999 _c3051
_d3051